| 000 | 00345nam a22001337a 4500 | ||
|---|---|---|---|
| 008 | 181023b xxu||||| |||| 00| 0 eng d | ||
| 020 | _a9780073526065 | ||
| 041 | _aeng | ||
| 080 |
_24th _a371 |
||
| 100 | _a46 | ||
| 101 | _aEDU | ||
| 245 |
_aMedia, Writer's Handbook a guide to common Writing & Editing Problems _cArnold,G.T |
||
| 942 |
_2udc _cBK |
||
| 999 |
_c50745 _d50745 |
||